000 01476nam a2200361 i 4500
001 13707
003 KOSZ 005
005 20200417142942.0
008 071012s1970 pl a f f 000 0 pol
015 _aPB 1971/7781
040 _aWA N
_cWA N
_dKOSZ 005/RW
080 _a69(438)
080 _a351.82(438)
100 1 _aCzerny, Jan.
_eAutor
245 1 0 _aMateriały szkoleniowe :
_bzbiór przepisów i norm wymaganych do egzaminów dla uzyskania stwierdzenia kwalifikacji majstra w budownictwie powszechnym.
_nT. 1,
_pPrzepisy i normy wspólne dla wszystkich grup robót : aneks do t. 1 /
_cJan Czerny, Edward Radziszewski.
250 _aWyd. 2, wg stanu prawnego na dzień 31 XII 1969.
260 _aWarszawa :
_bCentralny Ośrodek Informacji Budownictwa,
_c1970.
300 _a31, [1] stron :
_bilustracje ;
_c24 cm.
336 _aTekst
_btxt
_2rdacontent
337 _aBez urządzenia pośredniczącego
_bn
_2rdamedia
338 _aWolumin
_bnc
_2rdacarrier
380 _aKsiążki.
658 _aArchitektura i budownictwo
658 _aPrawo i wymiar sprawiedliwości
650 4 _aBudownictwo
651 4 _aPolska
650 4 _aPrawo
655 4 _aPodręcznik
700 1 _aRadziszewski, Edward
_d(1923- )
_eAutor
710 2 _aCentralny Ośrodek Informacji Budownictwa
_4pbl.
856 _uhttp://koha.tu.koszalin.pl/cgi-bin/koha/opac-detail.pl?biblionumber=13707
_yKatalog online BPK
942 _2UKD
_cKS
999 _c13707
_d13707